Citroën v Trnave

Bibliographic Details
Main Authors: Lukáč, Ladislav (Author, Interviewer), Mouro, Jean (Author)
Format: Article
Language:Slovak
PhysicalDescription:Fotogr.
ISSN:1336-8273
Subjects:

MARC

LEADER 00000nab a2200000 ar4500
001 vtls009355843
003 SK-MaSNL
005 20260303055053.0
008 081031c2008 xo |||||||||||000 b|slo
015 |a SNBRB2008/10  |2 snkbucl 
038 |a SNKBUCL 
040 |a SNKBUCL  |b slo  |c SNKBUCL  |e AACR2 
041 0 |a slo 
044 |a xo  |c SK 
080 |a 629.3.081.1  |x (437.6)  |2 2001 
080 |a 629.331.1  |2 2001 
100 1 |a Lukáč, Ladislav  |4 aut  |4 ivr  |9 10047 
245 1 0 |a Citroën v Trnave  |c Ladislav Lukáč, Jean Mouro 
300 |b Fotogr. 
610 2 7 |a PSA Peugeot Citroën Slovakia (Trnava, Slovensko)  |2 snkbucl  |9 1034206 
650 0 7 |a Citroën C3 Picasso (osobný automobil)  |2 snkbucl  |9 1034207 
650 0 7 |a osobné automobily  |2 snkbucl  |9 26643 
651 7 |a Trnava (Slovensko)  |2 snkbucl  |9 19407 
700 1 |a Mouro, Jean  |4 aut  |4 ive  |9 1049966 
773 0 |t In Energo Eco  |g Roč. 3, č. 8-9 (2008), s. 28-29  |x 1336-8273 
852 |a SNK  |b KIS3GCP 
958 |a SK 
999 |c 1725841  |d 1727771